| 000 | 00839nam a2200205Ii 4500 | ||
|---|---|---|---|
| 003 | JO-AjNU | ||
| 008 | 230605s9999||||xx |||||||||||||| ||und|| | ||
| 040 |
_aJO-AjNU _bara _erda _cJO-AjNU |
||
| 041 | _aara | ||
| 050 | 1 | 4 | _aPJ6051.T42 2016 |
| 100 | 3 |
_aالثعالبي، ابي منصور عبد الملك بن محمد بن إسماعيل, _eauthor _956740 |
|
| 245 | 0 | 0 | _aكتاب فقة اللغة |
| 264 | 3 | 1 | _aعمان: وزارة الثقافة، 2016 |
| 300 |
_a432ص _bطبع بدعم من مؤسسة عبد الحميد شومان |
||
| 336 |
_atext _btxt _2rdacontent |
||
| 337 |
_aunmediated _bn _2rdamedia |
||
| 338 |
_avolume _bnc _2rdacarrier |
||
| 490 | 0 | _aمكتبة الاسرة ومهرجان القراءة للجميع، 2016 | |
| 650 | 4 |
_aاللغة العربية - الفاظ - معاني واستعمال _956741 |
|
| 999 |
_aA25386 _c28954 _d28954 |
||